Statistieken voor Zonnestelsel Quiz

Klik hier om de quiz te nemen!

Algemene statistieken

  • Deze quiz is 301 keer genomen
  • De gemiddelde score is 13 van 25

Antwoordstatistieken

MassWhat Is It?Name% Correct
1.99 x 1030 kgZon
97%
5.97 x 1024 kgAarde
97%
4.87 x 1024 kgVenus
97%
6.42 x 1023 kgMars
97%
1.90 x 1027 kgJupiter
94%
8.68 x 1025 kgUranus
93%
1.31 x 1022 kgDwergplaneetPluto
92%
5.68 x 1026 kgSaturnus
91%
7.35 x 1022 kgMaan
89%
3.30 x 1023 kgMercurius
88%
1.02 x 1026 kgNeptunus
82%
4.80 x 1022 kgMaan van JupiterEuropa
49%
8.93 x 1022 kgMaan van JupiterIo
38%
1.35 x 1023 kgMaan van SaturnusTitan
36%
1.48 x 1023 kgMaan van JupiterGanymedes
30%
1.08 x 1023 kgMaan van JupiterCallisto
24%
3 x 1021 kgDwergplaneetMakemake
20%
2.15 x 1022 kgMaan van NeptuneTriton
19%
1.67 x 1022 kgDwergplaneetEris
19%
1.59 x 1021 kgMaan van PlutoCharon
18%
4.00 x 1021 kgDwergplaneetHaumea
16%
3.53 x 1021 kgMaan van UranusTitania
15%
3.01 x 1021 kgMaan van UranusOberon
15%
2.32 x 1021 kgMaan van SaturnRhea
13%
1.97 x 1021 kgMaan van SaturnIapetus
12%

Scoreverdeling

Percentiel versus Aantal Correcte Antwoorden

Procent van Mensen met Elke Score

Uw Scoregeschiedenis

U heeft deze quiz nog niet genomen